000 00450nam a2200181Ia 4500
005 20250423095600.0
008 250422s9999 xx 000 0 und d
020 _a1-56247-031-0
050 _aPZ 7 .T7363/
100 _aTripp, Valerie
245 0 _aHappy birthday felicity! : a springtime story
260 _aMiddleton, WI
260 _bPleasant Company
260 _c1992
300 _a69 p
650 _aFamily life- Fiction
942 _cBK
999 _c30713
_d30713